Zmiany strukturalne w rozwoju przemyslu Praca zbiorowa

Na minha lista:
Detalhes bibliográficos
Outros Autores: Lisikiewicz, J., Olejnikow, E.A
Formato: Livro
Idioma:polonês
Publicado em: Warszawa Szkola glówna planowania i statystyki 1990
Edição:1. wyd.
Colecção:Monografie i opracowania 302
Tags: Adicionar Tag
Sem tags, seja o primeiro a adicionar uma tag!

MARC

LEADER 00000nam a2200000 4500
001 c039580
005 20250630095926.9
041 0 |a pol 
044 |a PL 
245 1 0 |a Zmiany strukturalne w rozwoju przemyslu  |b Praca zbiorowa  |c Red. J. Lisikiewicz, E.A. Olejnikow 
250 |a 1. wyd. 
264 1 |a Warszawa  |b Szkola glówna planowania i statystyki  |c 1990 
300 |a 302 s. 
490 1 |a Monografie i opracowania  |v 302 
830 0 |a Monografie i opracowania  |v 302 
700 1 |a Lisikiewicz, J. 
700 1 |a Olejnikow, E.A.